<?xml version="1.0" encoding="UTF-8"?><?xml-stylesheet type="text/xsl" href="static/style.xsl"?><OAI-PMH xmlns="http://www.openarchives.org/OAI/2.0/" xmlns:xsi="http://www.w3.org/2001/XMLSchema-instance" xsi:schemaLocation="http://www.openarchives.org/OAI/2.0/ http://www.openarchives.org/OAI/2.0/OAI-PMH.xsd"><responseDate>2026-06-03T08:18:30Z</responseDate><request verb="GetRecord" identifier="oai:riuma.uma.es:10630/25432" metadataPrefix="marc">https://riuma.uma.es/rest/oai/request</request><GetRecord><record><header><identifier>oai:riuma.uma.es:10630/25432</identifier><datestamp>2026-02-03T12:17:53Z</datestamp><setSpec>com_10630_2254</setSpec><setSpec>col_10630_37959</setSpec></header><metadata><record xmlns="http://www.loc.gov/MARC21/slim" xmlns:dcterms="http://purl.org/dc/terms/" xmlns:doc="http://www.lyncode.com/xoai" xmlns:xsi="http://www.w3.org/2001/XMLSchema-instance" xsi:schemaLocation="http://www.loc.gov/MARC21/slim http://www.loc.gov/standards/marcxml/schema/MARC21slim.xsd">
   <leader>00925njm 22002777a 4500</leader>
   <datafield ind2=" " ind1=" " tag="042">
      <subfield code="a">dc</subfield>
   </datafield>
   <datafield ind2=" " ind1=" " tag="720">
      <subfield code="a">Gallegos-Reina, Antonio Jesús</subfield>
      <subfield code="e">author</subfield>
   </datafield>
   <datafield ind2=" " ind1=" " tag="260">
      <subfield code="c">2022-11</subfield>
   </datafield>
   <datafield ind2=" " ind1=" " tag="520">
      <subfield code="a">Desde el punto de vista de la innovación educativa, los pódcast están alcanzando gran desarrollo en los últimos años, y tanto más a raíz de la situación creada por la COVID-19. La pandemia ha generado un súbito e importante hito en la enseñanza universitaria, que requiere avanzar en nuevas metodologías docentes acordes con un nuevo escenario virtual que ha llegado para quedarse. Esta realidad debe, no obstante, plantearse como un complemento que diversifique y enriquezca la enseñanza y el aprendizaje, pero nunca como una alternativa sustitutoria más cómoda o rentable económicamente que la presencial. &#xd;
A lo anterior se suman las innovaciones docentes, aun relativamente recientes, introducidas por el Espacio Europeo de Enseñanza Superior (EEES). Todo ello ha dado lugar a la oportunidad inmejorable, y a la necesidad ineludible, de reajustar el sistema de enseñanza y aprendizaje en las universidades europeas.&#xd;
En este contexto, y nacido del seno de un proyecto de innovación docente pluridisciplinar de la Universidad de Málaga, se ha llevado a cabo una experiencia de aplicación de los pódcast en el grado de Geografía y Gestión del Territorio. El resultado ha sido muy positivo. Según las encuestas de evaluación realizadas al finalizar el curso, el 71% del alumnado ha asegurado que le gustaría seguir utilizando el pódcast como herramienta en sus estudios, y el 78% ha afirmado que les ayuda a comprender mejor la materia.</subfield>
   </datafield>
   <datafield ind1="8" ind2=" " tag="024">
      <subfield code="a">https://hdl.handle.net/10630/25432</subfield>
   </datafield>
   <datafield tag="653" ind2=" " ind1=" ">
      <subfield code="a">Enseñanza superior -- Efectos de las innovaciones tecnológicas</subfield>
   </datafield>
   <datafield tag="653" ind2=" " ind1=" ">
      <subfield code="a">Geografía --  Tecnología educativa</subfield>
   </datafield>
   <datafield ind2="0" ind1="0" tag="245">
      <subfield code="a">Nuevas metodologías docentes en la enseñanza superior: experiencia de aplicación de los pódcast en el Grado de Geografía</subfield>
   </datafield>
</record>
</metadata></record></GetRecord></OAI-PMH>